| 000 | 01868nam a2200385 i 4500 | ||
|---|---|---|---|
| 001 | 166564 | ||
| 003 | ES-MaACL | ||
| 005 | 20250808072357.0 | ||
| 008 | 050915q1860 fr a | |||||||| ||fre d | ||
| 040 |
_aCAM _bspa _cCAM |
||
| 080 | _a94(44)"1610/43" | ||
| 080 | _a94(44)"1643/1715" | ||
| 080 | _a94(44)"1715/92" | ||
| 100 | 1 |
_aTouchard-Lafosse, Georges, _d1780-1847 _eaut _9133349 |
|
| 245 | 1 | 0 |
_aChroniques de l'Oeil-de-boeuf, des petits appartements de la Cour et des salons de Paris, sous Louis XIV, la Régence, Louis XV et Louis XVI / _cpar G. Touchard-Lafosse |
| 250 | _aNouvelle édition augmentée du règne de Louis XIII / illustrée par Janet-Lange. | ||
| 260 |
_aParis : _bLibrairie Gustave Barba, _c[ca. 1860] _f(Typ. Gaittet) |
||
| 300 |
_a[4], 320, [4], 328 páginas : _bilustraciones ; _c30 cm. |
||
| 500 | _aPrécédé d'une notice sur l'auteur par Émile de La Bédollière. D'après cette notice, les chapitres relatifs à Louis XIII. | ||
| 530 | _aDisponible en formato digital | ||
| 600 | 0 | 4 |
_aLuis _bXIII, _cRey de Francia _9129133 |
| 600 | 0 | 4 |
_aLuis _bXIV, _cRey de Francia _974697 |
| 600 | 0 | 4 |
_aLuis _bXV, _cRey de Francia _9152777 |
| 600 | 0 | 7 |
_aLuis _bXVI, _cRey de Francia _9152778 |
| 650 | 4 |
_aCorte y cortesanos- _zFrancia. _9151835 |
|
| 651 | 4 |
_aFrancia- _xHistoria- _y1610-1643, Luis XIII _9161635 |
|
| 651 | 4 |
_aFrancia- _xHistoria- _y1643-1715, Luis XIV _98682 |
|
| 651 | 4 |
_aFrancia- _xHistoria- _y1715-1792 _98702 |
|
| 700 | 1 |
_aJanet-Lange, _d1815-1872 _eill _9241218 |
|
| 852 |
_aES-MaACL _cDEPO _gFirma de Eugenio Agüera _hLegado Goyeneche _jR-1704(1) _xHolandesa _xEnc. en un vol. facticio |
||
| 856 | 4 |
_uhttps://gallica.bnf.fr/ark:/12148/bpt6k5830708g _yVersión en línea _zGallica (Bibliothèque nationale de France) |
|
| 942 |
_cMONANT _n0 |
||
| 999 |
_c166564 _d166564 |
||